Refranes y dichos #9 - Estadísticas

Estadísticas generales
  • Esta prueba ha sido intentada 402 veces
  • La puntuación promedio es 14 de 20
Estadísticas de respuestas
Hint Respuesta % Correcto
levantarse con el pie ________ izquierdo
98%
quién fue a Sevilla... perdió su silla
93%
empezar la casa por... el tejado
89%
tomar cartas en el ______ asunto
88%
pedirle peras al _____ olmo
85%
darle la vuelta a la ________ tortilla
84%
sin comerlo ni ______ beberlo
81%
tener la fiesta... en paz
79%
más chulo que un _____ ocho
78%
servir igual para un roto que para un _______ descosido
71%
venir como agua de _____ Mayo
69%
ir cagando _______ leches
68%
no hay peor sordo que... el que no quiere oír
63%
por si suena la ______ flauta
58%
aquí paz y después ______ gloria
56%
no por mucho madrugar... amanece más temprano
55%
no caérsele a alguien los ______ anillos
46%
no andarse con _________ chiquitas
42%
ser el último ____ mono
27%
venderse algo como ______ churros
24%
No se encontraron pruebas coincidentes
Distribución de puntuación
Porcentaje de gente con cada puntuación
Porcentaje por número respondido
Historial de tus puntuaciones
No has intentado esta prueba.